000 01641nam a2200409 c 4500
999 _c137374
_d137374
003 BLK
005 20250224164400.0
008 180409b bul|||||r ||||||| ||bul||
010 _aKNG00143344000
020 _a978-954-320-405-2
040 _aBLK
041 _aBUL
_cBUL
072 7 _2bullib
_aН39
_xЕтнология. Фолклористика Н
080 _aСоциални изследвания на жени. Жените и обществото
_b305-055.2
_x(4)(092)
_z305-055.2(4)(092)
080 _aБиографии
_b929
_x(4)
_z929(4)
100 1 _aВайсенщайнер, Фридрих
_eпърви автор
_945038
139 _aВайсенщайнер, Фридрих
_bВ 16
245 1 0 _aЖените на гениите
_cФридрих Вайсенщайнер; прев. от нем. Евелина Банева.
257 _aAUT
260 _bРива
_c2012
_fВ. Търново : Абагар
300 _a160 с.
_c23 см
380 _a3
500 _aОриг. загл. Die Frauen der Genies / Friedrich Weissensteiner. - Библиогр. с. 157-159.
650 4 _aЖени - положение в семейството
_9302758
651 4 _aЕвропа
_9244407
653 _aжени
653 _aсемейни отношения
659 _aН
700 _aБанева, Евелина Борисова
_d1954-
_9368071
852 _aЦб 259626
856 4 _qpdf
856 4 _qpdf
942 _cKNG
_n0
_03
_s1
944 _aCR
_c31.05.2013
_lДиана Гривева
_k30529
944 _aED
_c24.02.2015
_lф /
_kЛюдмила_Стоянова
999 _d137374